000 00406nam a2200145Ia 4500
008 220204s9999 xx 000 0 und d
082 _a581.524.443
_bWAL
100 _aWALTER, Heinrich
245 0 _aEcology of tropical and subtropical vegetation
260 _aEdinburgh
_bOliver and Boyd
_c1971
650 _aEcology
650 _aSubtropical arid region
650 _aTropical rain forest
942 _cBK
999 _c23719
_d23719